| 000 | 00755nam a2200217 u 4500 | ||
|---|---|---|---|
| 001 | 000040125 | ||
| 005 | 20201002033931.0 | ||
| 008 | 111221s1969 mx r 000 0 spa d | ||
| 040 |
_aDO-SdBNP _bspa _cBNPHU |
||
| 082 |
_axxxx _bxxxx |
||
| 245 | 0 | 0 |
_aProblemas del estructuralismo / _cMarc Barbut...[et.al], ; traducción Julieta Campos, Gustavo Esteva, Alberto de Ezcurdia. |
| 250 | _a3a ed. | ||
| 260 |
_aMéxico : _bSiglo Veintiuno Editores. |
||
| 300 |
_a182 p. ; _c19 cm. |
||
| 490 | 1 |
_aSiglo Veintiuno _aTeoría y crítica |
|
| 700 | 1 | 2 |
_aBarbut, Marc _962196 |
| 700 | 1 | 2 |
_aCampos, Julieta _etr. _933624 |
| 700 | 1 | 2 |
_aEsteva, Gustavo _etr. _962197 |
| 700 | 1 | 2 |
_aEzcurdia, Alberto de _etr. _962198 |
| 830 | 0 |
_aSiglo Veintiuno _pTeoría y crítica _962199 |
|
| 999 |
_c39615 _d39615 |
||